<?xml version="1.0" encoding="UTF-8"?>
<marc:record xmlns:marc="http://www.loc.gov/MARC21/slim">
   <marc:leader>00000nam a2200000 a 4500</marc:leader>
   <marc:datafield ind1=" " ind2=" " tag="653">
      <marc:subfield code="a">Studierende</marc:subfield>
   </marc:datafield>
   <marc:datafield ind1=" " ind2=" " tag="653">
      <marc:subfield code="a">Schulleiter</marc:subfield>
   </marc:datafield>
   <marc:datafield ind1=" " ind2=" " tag="653">
      <marc:subfield code="a">Lehrer und interessierte Eltern an Ganztagsschulen</marc:subfield>
   </marc:datafield>
   <marc:datafield ind1=" " ind2=" " tag="653">
      <marc:subfield code="a">Sportvereine oder Institutionen</marc:subfield>
   </marc:datafield>
   <marc:datafield ind1=" " ind2=" " tag="653">
      <marc:subfield code="a">die an Schulen Bewegungs-</marc:subfield>
   </marc:datafield>
   <marc:datafield ind1=" " ind2=" " tag="653">
      <marc:subfield code="a">Spiel-</marc:subfield>
   </marc:datafield>
   <marc:datafield ind1=" " ind2=" " tag="653">
      <marc:subfield code="a">und Sportangebote anbieten oder anbieten wollen&lt;BR&gt;&lt;BR&gt;</marc:subfield>
   </marc:datafield>
   <marc:datafield ind1=" " ind2=" " tag="653">
      <marc:subfield code="a">Softcover / Ratgeber/Sport</marc:subfield>
   </marc:datafield>
   <marc:datafield ind1="0" ind2="0" tag="245">
      <marc:subfield code="a">Bewegter Ganztag</marc:subfield>
   </marc:datafield>
   <marc:datafield ind1="0" ind2="0" tag="245">
      <marc:subfield code="c">Gerhard Waschler &amp; Martin Leitner (Hrsg.)</marc:subfield>
   </marc:datafield>
   <marc:datafield ind1=" " ind2="1" tag="264">
      <marc:subfield code="a">Aachen</marc:subfield>
      <marc:subfield code="b">Meyer &amp; Meyer</marc:subfield>
      <marc:subfield code="c">2015</marc:subfield>
   </marc:datafield>
   <marc:datafield ind1="1" ind2=" " tag="520">
      <marc:subfield code="a">Angaben aus der Verlagsmeldung

Bewegter Ganztag Band 1 : Daten zur Analyse der Situation an Schulen und vorschulischen Einrichtungen in Niederbayern und Oberösterreich / von Gerhard Waschler

Auf der Basis der ersten flächendeckenden Fragebogenerhebung an allgemeinbildenden Schulen in Niederbayern und Oberösterreich im Rahmen des EU-Forschungsprojekts „Bewegter Ganztag“ wurden 25 Schulen aus verschiedenen Schularten in Niederbayern und 15 aus Oberösterreich für eine verfeinerte Analyse ausgewählt. Diese beinhaltet Dokumentenanalysen, Schulleiterinterviews sowie eine eingehende Analyse der bewegungsbezogenen räumlich-materiellen Infrastruktur vor Ort. Aus diesem Kreis der „Projektschulen“ wurden für eine vertiefende Analyse vier „Porträtschulen“ aus Niederbayern und vier aus Oberösterreich ausgewählt. Exemplarische Befragungen von Schülern und Lehrern sowie die Ergebnisse und Erfahrungen aus einem Motorik-Test liefern die Grundlagen für die Formulierung von abrundenden, fein differenzierten Schulporträts, die zur praxisnahen Beschäftigung motivieren sollen.
</marc:subfield>
   </marc:datafield>
   <marc:datafield ind1=" " ind2=" " tag="020">
      <marc:subfield code="a">9783898998123</marc:subfield>
      <marc:subfield code="9">9783898998123</marc:subfield>
   </marc:datafield>
   <marc:datafield ind1=" " ind2=" " tag="041">
      <marc:subfield code="a">ger</marc:subfield>
   </marc:datafield>
   <marc:datafield ind1=" " ind2=" " tag="300">
      <marc:subfield code="a">593 S.</marc:subfield>
   </marc:datafield>
</marc:record>
